| 000 | 00433nam a2200181Ia 4500 | ||
|---|---|---|---|
| 001 | 12791 | ||
| 005 | 20260306163007.0 | ||
| 008 | 260306t2001||||xx |||||||||||||| ||spa|| | ||
| 041 | _aESP | ||
| 082 |
_aRD 320.03 _bS42 |
||
| 100 |
_aSerra Rojas, Andrés, 1907- _eAUT |
||
| 245 | 0 |
_aDiccionario de ciencia política: _bM-Z |
|
| 260 | _c2001 | ||
| 300 |
_a _c30 cm. |
||
| 650 | _aGEN | ||
| 654 | _aCDE | ||
| 942 |
_cDIC _dJUS _fJUS _2ddc _n |
||
| 999 |
_c12791 _d12791 |
||